banner-ar

كتاب عيار الشعر / (Record no. 36877)

MARC details
000 -الفاتح
حقل البيانات ثابتة الطول 00878nam a2200205Ia 4500
008 - عناصر البيانات ثابتة الطول - معلومات عامة
حقل البيانات ثابتة الطول 140319s9999 xx 000 0 ara d
040 ## - مصدر الفهرسة
وكالة الفهرسة الأصلية GCL /
وكالة النسخ GCL
082 04 - رقم تصنيف ديوى العشرى
رقم التصنيف 416
رقم المادة ط ك
100 1# - المدخل الرئيسى - إسم شخصى
الإسم الشخصى ابن طباطبا : ابوالحسن محمد ابن احمد ابن محمد ابن احمد ابن ابراهيم الحسنى العلوى
245 10 - بيان العنوان
العنوان كتاب عيار الشعر /
بيان المسئوليه,etc ابن طباطبا : ابوالحسن محمد ابن احمد ابن محمد ابن احمد ابن ابراهيم الحسنى العلوى
700 1# - المدخل الاضافى - اسم شخصى
الإسم الشخصى عبدالعزيز بن ناصر المانع
300 ## - الوصف المادى
التعداد 268 ص ؛
أبعاد الوعاء 25 سم
650 04 - المدخل الاضافى بالموضوع-مصطلح موضوعى
مصطلح موضوعي الشعر العربى
650 04 - المدخل الاضافى بالموضوع-مصطلح موضوعى
مصطلح موضوعي الادب العربى
650 04 - المدخل الاضافى بالموضوع-مصطلح موضوعى
مصطلح موضوعي العروض والقوافى
650 04 - المدخل الاضافى بالموضوع-مصطلح موضوعى
مصطلح موضوعي تاريخ ونقد
942 ## - عناصر المدخل الإضافي( كوها)
مصدر التصنيف او مخطط الترفيف Dewey Decimal Classification
Koha [default] item type كتاب
260 ## - PUBLICATION, DISTRIBUTION, ETC. (IMPRINT)
-- القاهرة :
-- مكتبة الخانجى
Holdings
حالة التراجع حالة الفقد حالة تلف ليس للاعارة المكان المؤقت الموقع الحالى تاريخ الاكتساب اجمالي اﻻعارات رقم الطلب الباركود تاريخ اخر مشاهدة تاريخ تفعيل السعر نوع وعاء كوها
        مكتبة القاهرة الكبرى مكتبة القاهرة الكبرى 03/26/2014   416\ط ك 89686 03/26/2014 03/26/2014 كتاب
        مكتبة القاهرة الكبرى مكتبة القاهرة الكبرى 03/26/2014   416\ط ك 89687 03/26/2014 03/26/2014 كتاب
        مكتبة القاهرة الكبرى مكتبة القاهرة الكبرى 03/26/2014   416\ط ك 89688 03/26/2014 03/26/2014 كتاب

Powered By

EGPV